La Europa de nuestro tiempo: desde el final de la Segunda Guerra Mundial hasta la década de los 90
保存先:
| 第一著者: | |
|---|---|
| フォーマット: | 図書 |
| 言語: | スペイン語 |
| 出版事項: |
Buenos Aires
Javier Vergara
1994
|
| 主題: | |
| タグ: |
タグ追加
タグなし, このレコードへの初めてのタグを付けませんか!
|
MARC
| LEADER | 00000nam a2200000 a 4500 | ||
|---|---|---|---|
| 001 | UCY1149 | ||
| 003 | CL-VaPUC | ||
| 008 | 940822e19940000AG |||||||||||||||||spa|d | ||
| 082 | 0 | 4 | |a 940.55 |b LAQ |2 21 |
| 100 | |a Laqueur, Walter |e author |9 441543 | ||
| 245 | 1 | 3 | |a La Europa de nuestro tiempo: desde el final de la Segunda Guerra Mundial hasta la década de los 90 |
| 300 | |a 567 p | ||
| 942 | |c BK | ||
| 945 | |d 19940822 00:00:00 |a oaravena | ||
| 260 | |a Buenos Aires |b Javier Vergara |c 1994 | ||
| 650 | 0 | |a Historia siglo 20 |9 255736 | |
| 650 | 7 | |a HISTORIA MODERNA 1945- |2 CL-VaPUC |9 329039 | |
| 651 | 0 | |a Europa |9 255156 | |
| 583 | |a last modification |c 19940822 00:00:00 |k Rodrigo Vera | ||
| 999 | |c 229937 |d 229935 | ||
| 952 | |0 0 |1 0 |4 0 |6 940_550000000000000_LAQ_1994 |7 0 |8 A |9 231679 |a BIBHIS |b BIBHIS |d 2019-11-15 |i 3012816 |o 940.55 LAQ 1994 |p 3012816 |r 2025-01-20 |w 2019-11-15 |y BK |k HIS | ||